Normal view
MARC view
Entry Personal Name
001 - CONTROL NUMBER
- control field: 899
003 - CONTROL NUMBER IDENTIFIER
- control field: OSt
005 - DATE AND TIME OF LATEST TRANSACTION
- control field: 20250610190716.0
008 - FIXED-LENGTH DATA ELEMENTS
- fixed length control field: 250610|| aca||aabn | a|a d
040 ## - CATALOGING SOURCE
- Original cataloging agency: OSt
- Transcribing agency: OSt
100 ## - HEADING--PERSONAL NAME
- Personal name: Suhani Surana
670 ## - SOURCE DATA FOUND
- Source citation: Work cat.: (OSt)17912: Suhani Surana, Development and validation of asuri and daivi sampat scale, 2022